| 000 | 00328nam a22001217a 4500 | ||
|---|---|---|---|
| 999 |
_c14245 _d14245 |
||
| 008 | 160928b xxu||||| |||| 00| 0 eng d | ||
| 050 | _aHB 171.5 .S77 1992 | ||
| 100 | _aStrathmore University | ||
| 245 | _aCPA economics | ||
| 260 |
_aNairobi : _bStrathmore University Press., _c1992 |
||
| 300 | _axi, 213p. | ||
| 650 | _aEconomics. | ||
| 942 |
_2lcc _cSH_L_BOOKS _067 |
||